000
00318nam a2200133Ia 4500
008
150201s2007 xx 000 0 und d
082
_a
610
_b
O07W
100
_a
WHO
245
_a
ON BEING IN CHARGE
250
_a
2ND
260
_b
AITBS
_a
DELHI
_c
2007
650
_a
OTHER CLINICAL & NON CLINICAL BOOKS
942
_2
ddc
_c
BK
999
_c
1182
_d
1182